Conferencia del Excmo. Sr. D. Rafael Gasset, Ministro de Fomento, 1º de diciembre de 1911. (Registro nro. 71052)

Detalles MARC
000 -LEADER
campo de control de longitud fija 00750nam a2200217 i 4500
001 - NÚMERO DE CONTROL
campo de control 71052
003 - IDENTIFICADOR DE NÚMERO DE CONTROL
campo de control ES-MaACL
005 - FECHA Y HORA DE LA ÚLTIMA TRANSACCIÓN
campo de control 20250827075021.0
007 - CAMPO FIJO DE DESCRIPCIÓN FÍSICA--INFORMACIÓN GENERAL
campo de control de longitud fija t|
008 - DATOS DE LONGITUD FIJA--INFORMACIÓN GENERAL
campo de control de longitud fija 040805s1911 sp ||||1| spa d
100 1# - ENTRADA PRINCIPAL--NOMBRE DE PERSONA
Nombre de persona Gasset, Rafael,
Fechas asociadas al nombre 1866-1927
9 (RLIN) 55907
245 10 - MENCIÓN DEL TÍTULO
Título Conferencia del Excmo. Sr. D. Rafael Gasset, Ministro de Fomento, 1º de diciembre de 1911.
260 ## - PUBLICACIÓN, DISTRIBUCIÓN, ETC.
Lugar de publicación, distribución, etc. Madrid :
Nombre del editor, distribuidor, etc. [s.n.,
Fecha de publicación, distribución, etc. 1911]
594 ## - Nota al título y mención de responsabilidad
Nota al título y mención de responsabilidad Tít. de la conferencia: El ingeniero en el porvenir.
594 ## - Nota al título y mención de responsabilidad
Nota al título y mención de responsabilidad Precede al tít.: Instituto de Ingenieros Civiles.
650 #4 - PUNTO DE ACCESO ADICIONAL DE MATERIA--TÉRMINO DE MATERIA
Término de materia o nombre geográfico como elemento de entrada Ingenieros.
9 (RLIN) 172463
650 #7 - PUNTO DE ACCESO ADICIONAL DE MATERIA--TÉRMINO DE MATERIA
Término de materia o nombre geográfico como elemento de entrada Ingeniería
Fuente del encabezamiento o término embne
9 (RLIN) 13767
710 2# - ENTRADA AGREGADA--NOMBRE DE ENTIDAD CORPORATIVA
Nombre de entidad corporativa o nombre de jurisdicción como elemento de entrada Instituto de Ingenieros Civiles de España.
9 (RLIN) 4960
852 ## - LOCALIZACIÓN
Ubicación ES-MaACL
Número de control de estantería T-1259-F-5
Existencias
Estatus retirado Estado de pérdida Estado de daño No para préstamo Colección Biblioteca de origen Biblioteca actual Ubicación en estantería Fecha de adquisición Fuente de adquisición Total de préstamos Signatura topográfica completa Código de barras Visto por última vez Precio de reemplazo Tipo de ítem Koha
        Colección de folletos Biblioteca del Ateneo de Madrid Biblioteca del Ateneo de Madrid Depósito folletos 17/01/2008     T-1259-F-5 1074399 23/02/2023 23/02/2023 Folleto